Participación y democracia en Nicaragua /
Tallennettuna:
| Päätekijä: | |
|---|---|
| Aineistotyyppi: | Kirja |
| Kieli: | Spanish |
| Tagit: |
Lisää tagi
Ei tageja, Lisää ensimmäinen tagi!
|
MARC
| LEADER | 00000nam a22000007a 4500 | ||
|---|---|---|---|
| 003 | cru CIDCACS/IIS | ||
| 005 | 20180531143926.0 | ||
| 007 | ta | ||
| 008 | 180531t2001 es |||||r|||||||| ||spa|d | ||
| 999 | |c 41494 |d 41494 | ||
| 040 | |c cru CIDCACS/IIS | ||
| 100 | 1 | |9 7316 |a Ortega Hegg, Manuel | |
| 245 | 1 | |a Participación y democracia en Nicaragua / |c Manuel Ortega Hegg | |
| 300 | |a páginas 115-145: |b tablas | ||
| 773 | 0 | |0 41490 |9 2057 |a Córdova Macías, Ricardo |d El Salvador: FUNDAUNGO, 2001 |o 17713 |t Pasos hacia una nueva convivencia: |z 9992329084 | |
| 942 | |2 ddc |c LI | ||



